00000000nam##2200000za#4500
0019.615423
003CaOODSP
00520230131161134
007ta
008150406|2001||||xxc|||||     f|0| 0 eng|d
020 |a0-660-18370-6
022 |a0068-7626
040 |aCaOODSP|beng
043 |an-cn---
0861 |aM42-568E
1102 |aGeological Survey of Canada.
24510|aStratigraphy, sedimentology, tectonics, and resource potential of the Lower Carboniferous Mabou Group, Nova Scotia / |cby A. P. Hamblin.
260 |aOttawa - Ontario : |bNatural Resources Canada. |c2001.
300 |a166p. : |bgraphs, illus., maps, references ; |c28 cm.
4901 |aBulletin|x0068-7626|v568
546 |aRésumés en français
563 |aSoftcover
590 |a01-51|b2001-12-28
69007|aStratigraphy|2gcpds
69007|aSedimentology|2gcpds
69007|aGeology|2gcpds
69007|aAtlantic provinces|2gcpds
7201 |aHamblin, A. P.
830#0|aBulletin,|x0068-7626|v568|w(CaOODSP)9.514768